|
|
|
|
| LEADER |
00000nam a22000007a 4500 |
| 005 |
2021022405255.0 |
| 007 |
cr|||| |||| |
| 008 |
210224s2018 us |||||s|||| 00||0 eng d |
| 020 |
|
|
|a 9781641051873
|
| 035 |
|
|
|a 31210
|
| 040 |
|
|
|a vLex
|
| 090 |
|
|
|c 11241
|d 11241
|
| 100 |
1 |
|
|a Pincus, Faith Dianne
|
| 245 |
1 |
0 |
|a Being Heard
|h [Recurso electrn̤ico] :
|b Presentation Skills for Attorneys /
|c Faith Dianne Pincus
|
| 256 |
|
|
|a Servicio en ln̕ea
|
| 260 |
|
|
|a Chicago:
|b American Bar Association,
|c 2018
|
| 300 |
|
|
|a 1 recurso electrn̤ico
|
| 500 |
|
|
|a Being Heard: Presentation Skills for Attorneys consolidates the most helpful and effective tips of the trade in order for you and your staff to become better public speakers.
|
| 506 |
1 |
|
|a Disponible solo en los productos indicados
|d vLex Global
|d vLex Global (Academic Edition, excluding Law Schools)
|d vLex Global (Academic Edition, Law Schools)
|
| 650 |
0 |
4 |
|a Abogados
|z Estados Unidos
|
| 740 |
0 |
|
|a vLex Libros (Servicio en ln̕ea)
|
| 856 |
4 |
0 |
|u http://vlex.com/source/being-heard-presentation-skills-for-attorneys-31210
|z Acceso restringido
|
| 942 |
|
|
|c BOOK
|
| 999 |
0 |
|
|a Lawyers
|